<?xml version="1.0" encoding="UTF-8"?>
<record
    xmlns:xsi="http://www.w3.org/2001/XMLSchema-instance"
    xsi:schemaLocation="http://www.loc.gov/MARC21/slim http://www.loc.gov/standards/marcxml/schema/MARC21slim.xsd"
    xmlns="http://www.loc.gov/MARC21/slim">

  <leader>03216nam a2200241 a 4500</leader>
  <controlfield tag="005">20140314102115.0</controlfield>
  <controlfield tag="008">140314b2003    ck ||||| |||| 00| 0 spa d</controlfield>
  <datafield tag="041" ind1=" " ind2=" ">
    <subfield code="a">spa</subfield>
  </datafield>
  <datafield tag="044" ind1=" " ind2=" ">
    <subfield code="a">ck</subfield>
  </datafield>
  <datafield tag="090" ind1=" " ind2=" ">
    <subfield code="a">LB</subfield>
    <subfield code="b">03881</subfield>
  </datafield>
  <datafield tag="100" ind1=" " ind2=" ">
    <subfield code="a">Chaves Villegas, Marta Cecilia</subfield>
    <subfield code="9">21611</subfield>
  </datafield>
  <datafield tag="245" ind1=" " ind2=" ">
    <subfield code="a">Riqueza y composici&#xF3;n de especies de la comunidad de hormigas del suelo (Hymenoptera: Formicidade) en un gradiente espacial bosque -borde-matriz de pastizal</subfield>
  </datafield>
  <datafield tag="260" ind1=" " ind2=" ">
    <subfield code="a">Santiago de Cali</subfield>
    <subfield code="b">Universidad del Valle</subfield>
    <subfield code="c">2003</subfield>
  </datafield>
  <datafield tag="300" ind1=" " ind2=" ">
    <subfield code="a">66 p.</subfield>
  </datafield>
  <datafield tag="520" ind1=" " ind2=" ">
    <subfield code="a">aire. No se detect&#xF3; un efecto borde sino de matriz. La riqueza de especies fue mayor en el boque, que en el pastizal. Se encontr&#xF3; que el pastizal mantiene una comunidad de hormigas diferente a la del bosque, en su mayor&#xED;a especies generalistas. Mientras que en el bosque la mayor&#xED;a de especies fueron especialistas de alg&#xFA;n recurso. Estos resultados podr&#xED;an estar reflejando una baja permeabilidad del borde, y/o una alta aversi&#xF3;n de las especies por uno u otro tipo de habitat. Se propone mantener un sotobosque denso en el borde para que funcione como amortiguador, y permita que el interior del bosque alcance un balance entre exposici&#xF3;n y regeneraci&#xF3;n, reteniendo as&#xED; sus caracter&#xED;sticas del bosque mas conservado. Las &#xE1;reas de transici&#xF3;n entre dos ecosistemas adyacentes, son importantes componentes de los paisajes fragmentados, ya que juegan roles fundamentales en las din&#xE1;micas de estos ecosistemas. Se estudi&#xF3; la variaci&#xF3;n en la riqueza y composici&#xF3;n de especies de la comunidad de hormigas del suelo en un gradiente espacial bosque-borde-matriz de pastizal, en la Reserva Forestal Natural y de Investigaci&#xF3;n Bremen- La Popa. Localizada en el municipio de Filandia (Quind&#xED;o). Se trazaron 16 transectos de 50m ubicados de forma perpendicular al borde, ocho desde el pastizal y ocho desde el bosque, con estaciones cada 10m. Se hicieron 12 transectos an&#xE1;logos pero de forma paralela al borde, cuatro ubicados a 200 m de &#xE9;l y ocho a m&#xE1;s de 500m, tanto dentro del bosque como en la matriz de pastizal, los cuales fueron usados como indicadores de los habitats por separado. Se muestrearon las hormigas del suelo con sacos mini-Winkler y trampas Pitfall, y se tomaron datos abi&#xF3;ticos de la temperatura y humedad del suelo y el aire. No se detect&#xF3; un efecto borde sino de matriz. La riqueza de especies fue mayor en el boque, que en el pastizal. Se encontr&#xF3; que el pastizal mantiene una comunidad de hormigas diferente a la del bosque, en su mayor&#xED;a especies generalistas. Mientras que en el bosque la mayor&#xED;a de especies fueron especialistas de alg&#xFA;n recurso. Estos resultados podr&#xED;an reflejar una baja permeabilidad del borde, y/o una alta aversi&#xF3;n de las especies por uno u otro tipo de habitat. Se propone mantener un sotobosque denso en el borde para que funcione como amortiguador, y permita que el interior del bosque alcance un balance entre exposici&#xF3;n y regeneraci&#xF3;n, reteniendo as&#xED; sus caracter&#xED;sticas del bosque mas conservado</subfield>
  </datafield>
  <datafield tag="650" ind1=" " ind2=" ">
    <subfield code="a">Riqueza</subfield>
    <subfield code="9">10348</subfield>
  </datafield>
  <datafield tag="650" ind1=" " ind2=" ">
    <subfield code="a">Composici&#xF3;n</subfield>
    <subfield code="9">2531</subfield>
  </datafield>
  <datafield tag="650" ind1=" " ind2=" ">
    <subfield code="a">Especies</subfield>
    <subfield code="9">21612</subfield>
  </datafield>
  <datafield tag="650" ind1=" " ind2=" ">
    <subfield code="a">Hormigas</subfield>
    <subfield code="9">21613</subfield>
  </datafield>
  <datafield tag="650" ind1=" " ind2=" ">
    <subfield code="a">Bosque</subfield>
    <subfield code="9">2559</subfield>
  </datafield>
  <datafield tag="942" ind1=" " ind2=" ">
    <subfield code="c">Impreso</subfield>
    <subfield code="2">z</subfield>
  </datafield>
  <datafield tag="945" ind1=" " ind2=" ">
    <subfield code="d">2004-10-13</subfield>
  </datafield>
  <datafield tag="999" ind1=" " ind2=" ">
    <subfield code="c">4202</subfield>
    <subfield code="d">4202</subfield>
  </datafield>
  <datafield tag="952" ind1=" " ind2=" ">
    <subfield code="0">0</subfield>
    <subfield code="1">0</subfield>
    <subfield code="2">z</subfield>
    <subfield code="4">0</subfield>
    <subfield code="7">0</subfield>
    <subfield code="8">ENTOMO</subfield>
    <subfield code="I">INV2017</subfield>
    <subfield code="a">Villa</subfield>
    <subfield code="b">Villa</subfield>
    <subfield code="d">2004-10-13</subfield>
    <subfield code="e">Jim&#xE9;nez, Elizabeth</subfield>
    <subfield code="l">0</subfield>
    <subfield code="o">LB-03881</subfield>
    <subfield code="p">016815</subfield>
    <subfield code="r">2012-12-04 00:00:00</subfield>
    <subfield code="t">Ej. 1</subfield>
    <subfield code="w">2012-12-04</subfield>
    <subfield code="x">Entregado</subfield>
    <subfield code="y">TESIS</subfield>
  </datafield>
</record>
